Composición de la avifauna presente en el parque regional de Wisirare (Orocue, Casanare) (Registro nro. 6196)

Detalles MARC
000 -CABECERA
Campo de control 00513nam a2200169 a 4500
005 - FECHA Y HORA DE LA ULTIMA TRANSACCION
Campo de control 20160827120959.0
008 - ELEMENTOS DE LONGITUD FIJA—INFORMACION GENERAL
Campo de control 160827b2006 ck |||||rm||| 00| 0 spa d
040 ## - FUENTE DE CATALOGACIÓN
Agencia catalogadora original CO-BoIAVH
Agencia transcriptora CO-BoIAVH
041 ## - IDIOMA
Código de idioma para texto/pista de sonido o título separado Español
090 ## - CLASIFICACIÓN LOCAL
Colección TE
Consecutivo 0171
100 1# - ASIENTO PRINCIPAL--NOMBRE PERSONAL
Nombre personal Amado Sánchez, Luis Gabriel
9 (RLIN) 75437
245 1# - MENCION DE TITULO
Título Composición de la avifauna presente en el parque regional de Wisirare (Orocue, Casanare)
260 ## - PUBLICACION, DISTRIBUCION, ETC. (PIE DE IMPRENTA)
Lugar de publicación, distribución, etc. Bogotá
Nombre del editor, distribuidor, etc. Pontificia Universidad Javeriana
Fecha de publicación, distribución, etc. 2006
300 ## - DESCRIPCION FISICA
Extensión 49 p.
942 ## - ELEMENTOS ADICIONALES (KOHA)
Tipo de ítem Tesis
Sistema de clasificación Local
945 ## - PROCESAMIENTO LOCAL
AAAA-MM-DD - Fecha de ingreso o modificacion 2008-02-13
Existencias
Withdrawn status Lost status Sistema de Clasificación Damaged status No para préstamo Colección Inventariado Ubicación Permanente Ubicación actual Fecha de adquisición Fuente de Valor Total Checkouts Número topográfico Inventario / Código de Barras Date last seen Ejemplar Price effective from Forma de adquisición Tipo de material
    Local     Tesis Inventariado 2017 Bogotá Bogotá 13/02/2008 Fandiño Orozco, María Claudia   TE-0171 025690 04/12/2012 Ej.1 04/12/2012 Donación Tesis